000 00662nam a22002177a 4500
005 20100813150344.0
010 _aENG-100190
020 _a9788190863346
_c200.00
035 _aEN-83722
037 _bDBAD/PUB
082 _a577
100 _aV. Jayashree
_913734
245 _aEcology /
_cby V. jayashree
260 _aChennai
_bMangala Publication
_c2008
270 _a63, Razack Garden Main Road Arumbakkam
_bChennai
_e106
300 _a301 p.
_c20cm (Pbk)
650 _aEcology
_913735
700 _912834
942 _2ddc
_cEN
_h577
_mVJA
999 _c41762
_d41762